[Event "4NCL/Div3/SLO2 vs. NKN1"]
[Site "Telford ENG"]
[Date "2003.03.08"]
[Round "5.3"]
[White "de Coverly, Roger"]
[Black "Gandy, Andrew"]
[Result "1-0"]
[WhiteElo "2113"]
[BlackElo "2097"]
[PlyCount "131"]
[EventDate "2003.03.08"]

1. e4 c5 2. Nf3 Nc6 3. Bb5 e6 4. Bxc6 bxc6 5. d3 d5 6. Qe2 Ne7 7. Nc3 Ng6 8.
O-O Be7 9. Bd2 O-O 10. a3 d4 11. Na4 e5 12. h3 Ba6 13. b3 Qc7 14. h4 Nxh4 15.
Nxh4 Bxh4 16. Nxc5 Bc8 17. f4 Qe7 18. Na4 exf4 19. Bxf4 f5 20. Bd2 Qe5 21. Bf4
Qe7 22. Bd2 Bg5 23. Bb4 Qf6 24. Rf3 Re8 25. Bd2 Bxd2 26. Qxd2 Qg6 27. exf5 Bxf5
28. Raf1 Be6 29. Qf4 Rad8 30. Rg3 Qf7 31. Nc5 Bd5 32. Qxf7+ Bxf7 33. Rgf3 Bd5
34. R3f2 Re7 35. Na6 Rf7 {=} 36. Rxf7 Bxf7 37. Rf5 Be6 38. Rc5 Rd6 39. Nb4 Bg4
40. Rxc6 Rd8 41. Rc7 Rd7 42. Rc8+ Kf7 43. Nc6 Ke6 44. Re8+ Kd5 45. Nb4+ Kc5 46.
Rc8+ Kb6 47. Rb8+ Kc7 48. Na6+ Kd6 49. b4 Re7 50. Rd8+ Ke5 51. Nc5 Bd1 52. Rf8
Bxc2 53. Rf1 Rc7 54. Rc1 Rxc5 55. bxc5 Bxd3 56. c6 Ba6 57. c7 Bc8 58. Kf2 Kd6
59. Ke2 Ba6+ 60. Kd2 Kd7 61. Rc5 Bb7 62. Kd3 Kc8 63. g3 g6 64. Kxd4 Bf3 65. Ke5
Bg4 66. Kd6 1-0

[Event "4NCL/Div3/SLO2 vs. NKN1"]
[Site "Telford ENG"]
[Date "2003.03.08"]
[Round "5.4"]
[White "Tabatabai, John"]
[Black "Tarifa, Alket"]
[Result "1/2-1/2"]
[WhiteElo "2052"]
[BlackElo "2159"]
[PlyCount "62"]
[EventDate "2003.03.08"]

1. b4 d5 2. Bb2 Bf5 3. Nf3 e6 4. e3 Nf6 5. a3 h6 6. c4 c6 7. d3 Be7 8. Nbd2 O-O
9. Be2 a5 10. Qb3 Na6 11. Bc3 Bh7 12. O-O a4 13. Qb2 b5 14. cxb5 cxb5 15. Be5
Qd7 16. Rac1 Ne8 17. Rc3 f6 18. Bg3 Bd6 19. Rfc1 Bxg3 20. hxg3 Nd6 21. Kf1 {=}
Rfc8 22. Rxc8+ Rxc8 23. Nb1 Bg6 24. Rxc8+ Qxc8 25. Qc3 Qxc3 26. Nxc3 Be8 27. e4
Nc7 28. Ke1 Kf7 29. Kd2 dxe4 30. Nxe4 Nxe4+ 31. dxe4 e5 1/2-1/2

[Event "4NCL/Div3/SLO2 vs. NKN1"]
[Site "Telford ENG"]
[Date "2003.03.08"]
[Round "5.5"]
[White "Williams, Samuel G"]
[Black "Burenkov, Slava"]
[Result "1-0"]
[WhiteElo "2161"]
[BlackElo "1972"]
[PlyCount "43"]
[EventDate "2003.03.08"]

1. e4 c5 2. Nc3 Nc6 3. Bb5 g6 4. Bxc6 bxc6 5. d3 d5 6. e5 Bg7 7. f4 h5 8. Nf3
Nh6 9. O-O Nf5 10. b3 Ba6 11. Qe2 e6 12. Na4 Bf8 13. c4 Nd4 14. Qf2 Nxf3+ 15.
Qxf3 Be7 16. Ba3 Qa5 17. Qf2 d4 18. Qe1 Qxe1 19. Raxe1 Rg8 20. Bxc5 Bxc5 21.
Nxc5 Bc8 22. Re4 1-0

[Event "4NCL/Div3/SLO2 vs. NKN1"]
[Site "Telford ENG"]
[Date "2003.03.08"]
[Round "5.6"]
[White "Davis, Lee"]
[Black "McGowan, Daniel"]
[Result "1/2-1/2"]
[WhiteElo "2002"]
[BlackElo "2141"]
[PlyCount "100"]
[EventDate "2003.03.08"]

1. d4 e6 2. g3 Nf6 3. Bg2 d5 4. Nf3 Be7 5. O-O O-O 6. c4 c6 7. Nbd2 Nbd7 8. Qc2
b6 9. b3 Bb7 10. Bb2 Rc8 11. e4 dxe4 12. Nxe4 c5 13. Nfg5 Nxe4 14. Nxe4 Bxe4
15. Bxe4 Nf6 16. Rad1 Nxe4 17. Qxe4 cxd4 18. Bxd4 Qe8 19. Qb7 Ra8 20. Be5 Bc5
21. Rd7 Qc8 22. Rfd1 a5 23. Rc7 Qxb7 24. Rxb7 h6 25. Rdd7 Rad8 26. Kg2 Rxd7 27.
Rxd7 Rc8 28. Bd6 Bxd6 29. Rxd6 Rb8 30. Kf3 Kf8 31. Rd7 Ke8 32. Ra7 Rd8 33. Rb7
Rd6 34. Ke3 g6 35. f4 f6 36. g4 g5 37. Rh7 gxf4+ 38. Kxf4 Rd2 39. Rxh6 Rxa2 40.
Rxf6 Ke7 41. Rh6 Rb2 42. Rh3 Rf2+ 43. Ke5 Re2+ 44. Kd4 Rg2 45. Rg3 Rxh2 46. g5
Kf7 47. g6+ Kg7 48. Ke5 Rc2 49. Kxe6 a4 50. bxa4 Rxc4 1/2-1/2

[Event "4NCL/Div3/SLO2 vs. NKN1"]
[Site "Telford ENG"]
[Date "2003.03.08"]
[Round "5.7"]
[White "Richardson, Alex"]
[Black "Smith, Olivia"]
[Result "1-0"]
[WhiteElo "2098"]
[BlackElo "1916"]
[PlyCount "81"]
[EventDate "2003.03.08"]

1. e4 e5 2. Nf3 Nc6 3. d4 exd4 4. Nxd4 Bc5 5. Be3 Qf6 6. c3 Nge7 7. Bc4 Bb6 8.
O-O O-O 9. Nd2 Nxd4 10. e5 Qg6 11. Bxd4 Bxd4 12. cxd4 d5 13. Be2 Bf5 14. Qb3
Nc6 15. Qc3 Rac8 16. Bf3 Rfd8 17. Rfe1 h5 18. Nb3 h4 19. Rac1 Bg4 20. Re3 Ne7
21. Bxg4 Qxg4 22. Rf3 b6 23. Qd2 Qe6 24. Qg5 Ng6 25. Rfc3 Rd7 26. f4 Qe7 27.
Qg4 Nf8 28. f5 f6 29. e6 Rd6 30. Rc6 g5 31. Rxd6 Qxd6 32. Qh5 Qe7 33. Rc6 Nh7
34. a3 a5 35. Nc1 b5 36. Nd3 b4 37. a4 b3 38. Nc5 Rb8 39. Qf3 Rd8 40. Qxb3 Kf8
41. Qb7 1-0

[Event "4NCL/Div3/SLO2 vs. NKN1"]
[Site "Telford ENG"]
[Date "2003.03.08"]
[Round "5.8"]
[White "St. Clair, Allan"]
[Black "Houska, Karla"]
[Result "1-0"]
[WhiteElo "1854"]
[BlackElo "1112"]
[PlyCount "85"]
[EventDate "2003.03.08"]

1. d4 d5 2. Nf3 Nf6 3. Bf4 Bf5 4. e3 Nc6 5. c3 a6 6. a4 e6 7. Bd3 Bg6 8. Ne5
Nxe5 9. Bxe5 Ng4 10. Bxc7 Nxf2 11. Kxf2 Qxc7 12. Qe2 Bd6 13. g3 O-O 14. Nd2 Qb6
15. b3 Qc6 16. c4 Bxd3 17. Qxd3 Rac8 18. c5 Bb8 19. b4 b5 20. axb5 axb5 21. Ra5
Bc7 22. Ra3 e5 23. Rha1 exd4 24. exd4 Qf6+ 25. Kg2 Rfe8 26. Ra6 Qe7 27. Kf2 Qg5
28. Nf3 Qh5 29. Qxb5 Qf5 30. R1a2 h6 31. Re2 Re4 {=} 32. Kg2 Rxe2+ 33. Qxe2 Qb1
34. b5 Kh7 35. b6 Bd8 36. Ne5 Bf6 37. Ra7 Rf8 38. Nf3 Rc8 39. Ra2 Qb4 40. Qb2
Qxb2+ 41. Rxb2 Bd8 42. Ne5 Ra8 43. b7 1-0

[Event "4NCL/Div3/3CS2 vs. GUI3"]
[Site "Telford ENG"]
[Date "2003.03.08"]
[Round "5.1"]
[White "Longson, Alexander"]
[Black "Briscoe, Christopher"]
[Result "1-0"]
[WhiteElo "2202"]
[BlackElo "2187"]
[PlyCount "97"]
[EventDate "2003.03.08"]

1. e4 Nc6 2. d4 d5 3. Nc3 e5 4. Bb5 dxe4 5. d5 a6 6. Ba4 b5 7. Nxb5 axb5 8.
Bxb5 Nge7 9. Ne2 Ba6 10. Bxa6 Rxa6 11. dxc6 Qxd1+ 12. Kxd1 Nxc6 13. Ng3 Be7 14.
Nxe4 O-O 15. c3 f5 16. Nd2 Bf6 {=} 17. f3 h5 18. g3 g5 19. h3 Ne7 20. Kc2 Re6
21. Re1 Re8 22. g4 hxg4 23. hxg4 f4 24. Ne4 Kg7 25. Bd2 Rd8 26. Rh1 Nc8 27. Rh5
Nd6 28. Nxg5 Bxg5 29. Rxg5+ Kf6 30. Rh5 Nc4 31. Rd1 Red6 32. Rh6+ Kg5 33. Rxd6
Rxd6 34. b3 Nxd2 35. Rxd2 Re6 36. Rh2 e4 37. Rh5+ Kg6 38. fxe4 Rxe4 39. Rf5
Re2+ 40. Kd3 Rxa2 41. Rxf4 Kg5 42. Re4 Ra6 43. b4 Kf6 44. Kd4 Rc6 45. c4 Rd6+
46. Kc5 Rb6 47. b5 Kg5 48. Re7 Kxg4 49. Rxc7 1-0

[Event "4NCL/Div3/3CS2 vs. GUI3"]
[Site "Telford ENG"]
[Date "2003.03.08"]
[Round "5.2"]
[White "Norman, Kenneth I"]
[Black "Shaw, David A"]
[Result "1-0"]
[WhiteElo "2141"]
[BlackElo "2196"]
[PlyCount "79"]
[EventDate "2003.03.08"]

1. Nf3 e6 2. g3 d5 3. Bg2 Nf6 4. O-O Be7 5. c4 O-O 6. d4 c6 7. Qc2 Nbd7 8. b3
Ne4 9. Bb2 f5 10. Ne1 Bg5 11. e3 h5 12. Nd3 h4 13. Nf4 Qf6 14. Nd2 Qh6 15. Nf3
Be7 16. Ne5 Nxe5 17. dxe5 g5 18. Ne2 g4 19. Nf4 Rf7 20. Bxe4 fxe4 21. c5 Rh7
22. Bd4 Bd7 23. Qe2 Kf7 24. Rac1 Rah8 25. Rc2 Qg5 26. b4 a6 27. Qd1 Bd8 28. Qc1
Bc7 29. Qb2 Rg8 30. a4 Qe7 31. Rfc1 Rg5 32. b5 cxb5 33. axb5 Bxb5 34. c6 Bxc6
35. Rxc6 bxc6 36. Rxc6 Rh6 37. Nxd5 exd5 38. Rxh6 Kg7 39. Rxa6 hxg3 40. hxg3 {
time} 1-0

[Event "4NCL/Div3/3CS2 vs. GUI3"]
[Site "Telford ENG"]
[Date "2003.03.08"]
[Round "5.3"]
[White "Taylor, Robert M"]
[Black "Punnett, Alan K"]
[Result "1-0"]
[WhiteElo "2165"]
[BlackElo "2129"]
[PlyCount "71"]
[EventDate "2003.03.08"]

1. e4 e6 2. d4 d5 3. Nc3 Nf6 4. exd5 exd5 5. Bd3 Nc6 6. Nge2 Nb4 7. Bg5 h6 8.
Bh4 c6 9. a3 Nxd3+ 10. Qxd3 Be7 11. f3 Be6 12. O-O-O b5 13. Nf4 Qd7 14. Nxe6
Qxe6 15. Rhe1 Qd6 16. Bg3 Qd7 17. Qe3 Kf8 18. Be5 Re8 19. Qd3 Ng8 20. g4 Bf6
21. h3 Bxe5 22. dxe5 h5 23. Kb1 hxg4 24. hxg4 Qe6 25. Qd4 Rh3 26. Qf2 Ne7 27.
Qg2 Rh6 28. f4 Rg6 29. g5 Nf5 30. Qf2 Qe7 31. Qh2 Qc5 32. Qh3 Nd4 33. f5 Rxg5
34. f6 gxf6 35. Qh6+ Kg8 36. Rh1 1-0

[Event "4NCL/Div3/3CS2 vs. GUI3"]
[Site "Telford ENG"]
[Date "2003.03.08"]
[Round "5.4"]
[White "Shepley, Julien M"]
[Black "Bentley, John L"]
[Result "0-1"]
[WhiteElo "2131"]
[BlackElo "2163"]
[PlyCount "130"]
[EventDate "2003.03.08"]

1. d4 Nf6 2. c3 g6 3. Bg5 Bg7 4. Nd2 d5 5. e3 Nbd7 6. f4 h6 7. Bh4 c5 8. Bd3 b6
9. Qf3 Bb7 10. Ne2 Qc7 11. O-O Qc6 12. Ng3 e6 13. a4 Nh7 14. Bb5 Qc7 15. f5 O-O
16. fxg6 fxg6 17. Qg4 Rxf1+ 18. Ngxf1 Ndf8 19. Bd3 g5 20. Bg3 Qf7 21. a5 Nd7
22. h3 Nhf6 23. Qe2 Qh5 24. axb6 Qxe2 25. Bxe2 axb6 26. Rxa8+ Bxa8 27. Bb5 Kf7
28. Bc7 Ke7 29. Nf3 Ne8 30. Bh2 Nd6 31. Bxd6+ Kxd6 32. Bxd7 Kxd7 33. Ng3 Kd6
34. Kf2 Bc6 35. Nh5 Bh8 36. g4 Be8 37. Ng3 Bg6 38. h4 gxh4 39. Nxh4 Bh7 40. Nf3
Bf6 41. Nh5 Bh8 42. Ng3 e5 43. dxe5+ Bxe5 44. Nf5+ Bxf5 45. gxf5 b5 46. Nd2 Bf6
47. Kf3 Ke5 48. e4 Bg5 49. Nb3 dxe4+ 50. Ke2 Be7 51. Na5 Kxf5 52. Nc6 Ke6 53.
Ke3 Kd6 54. Na7 Kd5 55. Nxb5 Bg5+ 56. Ke2 Bf4 57. b4 c4 58. Na3 h5 59. b5 h4
60. b6 h3 61. Kf1 e3 62. Nb5 h2 63. Kg2 e2 64. Nc7+ Bxc7 65. bxc7 e1=Q 0-1

[Event "4NCL/Div3/3CS2 vs. GUI3"]
[Site "Telford ENG"]
[Date "2003.03.08"]
[Round "5.5"]
[White "Adams, Phil"]
[Black "Hill, David F"]
[Result "1-0"]
[WhiteElo "2056"]
[BlackElo "2066"]
[PlyCount "111"]
[EventDate "2003.03.08"]

1. e4 c6 2. d4 d5 3. exd5 cxd5 4. c4 Nf6 5. Nc3 e6 6. Nf3 Bb4 7. Bd3 dxc4 8.
Bxc4 O-O 9. O-O a6 10. Bg5 Be7 11. Re1 Nc6 12. Bb3 Nb4 13. a3 Nbd5 14. Ne5 Nxc3
15. bxc3 Nd5 16. Bxe7 Nxe7 17. Bc2 g6 18. Qd2 Nc6 19. Qh6 Qf6 20. Ng4 Qg7 21.
Qh4 f5 22. Ne5 Nxe5 23. Rxe5 g5 24. Qg3 Bd7 25. Bb3 Rf6 26. Rae1 Qg6 27. Rc5 f4
28. Qxg5 Qxg5 29. Rxg5+ Kf7 30. Rh5 h6 31. Rc5 Rc8 32. Rxc8 Bxc8 33. f3 Bd7 34.
Re5 Bc6 35. Kf2 Ke7 36. c4 Kd6 37. c5+ Kd7 38. Bc4 Ba4 39. g4 fxg3+ 40. hxg3
Bc6 41. f4 a5 42. Ke3 Rg6 43. g4 Bd5 44. Bxd5 exd5 45. Kf3 a4 46. f5 Rg8 47.
Re6 h5 48. Rd6+ Ke7 49. gxh5 Rg5 50. Rxd5 Kf6 51. Rd6+ Ke7 52. h6 Rxf5+ 53. Ke4
Rf7 54. Rb6 Rh7 55. Rxb7+ Ke6 56. Rxh7 1-0

[Event "4NCL/Div3/3CS2 vs. GUI3"]
[Site "Telford ENG"]
[Date "2003.03.08"]
[Round "5.6"]
[White "Allinson, Julian"]
[Black "Plant, Paul"]
[Result "1-0"]
[WhiteElo "1872"]
[BlackElo "2024"]
[PlyCount "61"]
[EventDate "2003.03.08"]

1. d4 Nf6 2. Nf3 g6 3. c4 Bg7 4. g3 O-O 5. Bg2 d6 6. O-O c6 7. Nc3 Nbd7 8. Bd2
e5 9. Qc2 Re8 10. e4 Qc7 11. Rad1 exd4 12. Nxd4 Nc5 13. Bf4 Nh5 14. Be3 Ne6 15.
Rd2 Nxd4 16. Bxd4 Be6 17. Bxg7 Nxg7 18. b3 Rad8 19. Rfd1 Qe7 20. Qb2 f5 21. Qa3
Qf6 22. Rd3 a6 23. Qa5 Bc8 24. c5 Re5 25. f4 Rxc5 26. Qxc5 dxc5 27. Rxd8+ Kf7
28. e5 Qe7 29. Rxc8 Ne6 30. Rd6 g5 31. Nd5 1-0

[Event "4NCL/Div3/3CS2 vs. GUI3"]
[Site "Telford ENG"]
[Date "2003.03.08"]
[Round "5.7"]
[White "Martin, Katie A"]
[Black "Stimpson, Philip M"]
[Result "0-1"]
[WhiteElo "1584"]
[BlackElo "1944"]
[PlyCount "142"]
[EventDate "2003.03.08"]

1. e4 d5 2. exd5 Nf6 3. d4 Bg4 4. Nf3 Qxd5 5. Be2 Nc6 6. c3 O-O-O 7. Be3 e5 8.
O-O e4 9. Nfd2 Bxe2 10. Qxe2 Bd6 11. Nc4 Qh5 12. Qxh5 Nxh5 13. Nxd6+ Rxd6 14.
Nd2 f5 15. Nc4 Rd5 16. a4 f4 17. Bd2 a5 18. Na3 Re8 19. Nc2 Rd6 20. Rab1 g5 21.
Rfe1 Nf6 22. b4 axb4 23. Nxb4 Nxb4 24. Rxb4 e3 25. fxe3 fxe3 26. Bc1 Nd5 27.
Rb3 Rc6 28. Bb2 h6 29. g3 Nb6 30. Rb4 Nc4 31. Bc1 Nd2 32. Bxd2 exd2 33. Rxe8+
Kd7 34. Rb1 Kxe8 35. Rd1 Rxc3 36. Rxd2 Kd7 37. Kf2 Ra3 38. Rb2 b6 39. Rb4 Kd6
40. Rc4 Rb3 41. Kg2 g4 42. d5 h5 43. Rc6+ Kxd5 44. Rxc7 Rb2+ 45. Kg1 Ra2 46.
Ra7 {=} Kc5 47. Ra6 Kc6 48. Ra7 Kd6 49. Rb7 Kc6 50. Ra7 Re2 51. Kh1 Re5 52. Rf7
Re4 53. Ra7 Rd4 54. Kg2 Rd2+ 55. Kg1 Rd7 56. Ra8 Kb7 57. Rf8 Rd4 58. Rf4 Rxf4
59. gxf4 Kc6 60. Kf2 h4 61. Ke2 Kd5 62. Ke3 Ke6 63. Ke4 Kf6 64. f5 g3 65. hxg3
hxg3 66. Kf3 Kxf5 67. Kxg3 Ke4 68. Kf2 Kd4 69. Ke2 Kc3 70. a5 bxa5 71. Kd1 Kb2
0-1

[Event "4NCL/Div3/3CS2 vs. GUI3"]
[Site "Telford ENG"]
[Date "2003.03.08"]
[Round "5.8"]
[White "Morris, Claire H"]
[Black "Hazlehurst, Cory"]
[Result "1/2-1/2"]
[WhiteElo "1528"]
[BlackElo "1624"]
[PlyCount "86"]
[EventDate "2003.03.08"]

1. e4 c6 2. Nc3 d5 3. Nf3 dxe4 4. Nxe4 Nf6 5. Nxf6+ gxf6 6. Bc4 Rg8 7. Rg1 Bg4
8. h3 Bh5 9. d3 Qc7 10. Be3 Nd7 11. g4 Bg6 12. Qe2 e6 13. O-O-O Nb6 14. Bb3
O-O-O 15. Nh4 Be7 16. f4 f5 17. g5 Nd5 18. Bxd5 cxd5 19. Ng2 d4 20. Bd2 Rd6 21.
h4 f6 22. Ne1 Ra6 23. Nf3 Qd7 24. a3 Rxa3 25. Be1 Ra1+ 26. Kd2 Bb4+ 27. c3
dxc3+ 28. Ke3 Rxd1 29. Qxd1 fxg5 30. hxg5 Qd5 31. bxc3 Bc5+ 32. d4 Bd6 33. Qd3
Bh5 34. Nd2 Rf8 35. Bg3 Bc7 36. Kf2 Rd8 37. Re1 Qc6 38. Nb3 b6 39. c4 Bg6 40.
Qc3 Bb8 41. c5 bxc5 42. dxc5 Rd5 43. Rc1 Qb5 1/2-1/2

[Event "4NCL/Div3/NWE2 vs. WRO2"]
[Site "Telford ENG"]
[Date "2003.03.08"]
[Round "5.1"]
[White "Charleshouse, Glenn L"]
[Black "van Kemenade, Rudy"]
[Result "1/2-1/2"]
[WhiteElo "2284"]
[BlackElo "2140"]
[PlyCount "136"]
[EventDate "2003.03.08"]

1. e4 e5 2. Nf3 Nf6 3. d4 Nxe4 4. Bd3 d5 5. Nxe5 Nd7 6. Qe2 Nxe5 7. Bxe4 dxe4
8. Qxe4 Be6 9. Qxe5 Qd7 10. Be3 O-O-O 11. Qa5 Kb8 12. Nc3 b6 13. Qa4 Qxa4 14.
Nxa4 Bd7 15. Nc3 Bb4 16. a3 Bxc3+ 17. bxc3 Bb5 {=} 18. a4 Bc4 19. a5 Rd5 20.
Kd2 a6 21. axb6 cxb6 22. Rab1 Kb7 23. Rb4 Rc8 24. Bf4 b5 25. Re1 Rd7 26. Rbb1
Be6 27. f3 h5 28. Re5 g6 29. Re3 Rd5 30. Be5 Rd7 {=} 31. Rbe1 Rd5 32. Bf6 Rc7
33. h4 Rc6 34. Be7 Rd7 35. Bb4 Rd5 36. Kc1 Rc8 37. Bc5 Rc6 38. Kb2 a5 39. Ra1
Ra6 40. Kc1 Ra8 41. Kd2 Rd7 42. Ke1 Rd5 43. Kf2 Rf5 44. Ree1 Ra6 45. Ra3 Kc6
46. Bb4 a4 47. Bc5 Ra8 48. Raa1 Rd5 49. Re2 Rf5 50. Bb4 Kd5 51. Ke3 Rc8 52. Kd2
Rc4 53. Rae1 Kc6 54. Rxe6+ fxe6 55. Rxe6+ Kd7 56. Rxg6 Rc6 57. Rg7+ Ke6 58. Kd3
Kf6 59. Rb7 Rc8 60. Rb6+ Kf7 61. Ke4 Rf6 62. Rxb5 Re8+ 63. Kd3 Ra6 64. Ba3 Re1
65. c4 Ra1 66. Bb2 Rd1+ 67. Ke2 Rg1 68. Ba3 Ra1 1/2-1/2

[Event "4NCL/Div3/NWE2 vs. WRO2"]
[Site "Telford ENG"]
[Date "2003.03.08"]
[Round "5.2"]
[White "Taylor, Robert K"]
[Black "Littlewood, John E"]
[Result "0-1"]
[WhiteElo "2211"]
[BlackElo "2286"]
[PlyCount "76"]
[EventDate "2003.03.08"]

1. e4 e5 2. Nc3 d6 3. g3 f5 4. d4 exd4 5. Qxd4 Nc6 6. Qe3 Nf6 7. Bc4 Qe7 8. Nd5
Nxd5 9. exd5 Qxe3+ 10. Bxe3 Ne5 11. Be2 Be7 12. h3 O-O 13. f4 Nd7 14. O-O-O Nf6
15. Nf3 c6 16. dxc6 bxc6 17. Nd4 Bd7 18. Bd3 g6 19. Rde1 Rfe8 20. Bd2 Bf8 21.
Rxe8 Rxe8 22. Re1 Ne4 23. g4 Bg7 24. Nb3 Nxd2 25. Rxe8+ Bxe8 26. Nxd2 fxg4 27.
hxg4 h5 28. g5 h4 29. Be4 d5 30. Bf3 Bd7 31. c3 Bf8 32. c4 Be6 33. cxd5 cxd5
34. Bh1 Bd6 35. Nf3 Bxf4+ 36. Kd1 h3 37. Nd4 Bf7 38. Nb5 a6 0-1

[Event "4NCL/Div3/NWE2 vs. WRO2"]
[Site "Telford ENG"]
[Date "2003.03.08"]
[Round "5.3"]
[White "Hulmes, David I"]
[Black "White, Mark W"]
[Result "1-0"]
[WhiteElo "2136"]
[BlackElo "2104"]
[PlyCount "109"]
[EventDate "2003.03.08"]

1. e4 c5 2. Nf3 Nc6 3. d4 cxd4 4. Nxd4 Nf6 5. Nc3 e5 6. Ndb5 d6 7. Bg5 a6 8.
Na3 b5 9. Nd5 Be7 10. Bxf6 Bxf6 11. c3 O-O 12. Nc2 Bg5 13. a4 bxa4 14. Rxa4 a5
15. Bc4 Rb8 16. b3 Be6 17. O-O Kh8 18. Qe2 f5 19. exf5 Bxf5 20. Nce3 Be6 21.
Qd3 Rb7 22. Ra2 Rbf7 23. Rd1 Nb8 24. f3 Nd7 25. b4 axb4 26. cxb4 Bxd5 27. Nxd5
Nb6 28. Kh1 Nxc4 29. Qxc4 Qb8 30. Ra6 Rb7 31. Rc6 Rd8 32. Qg4 Bh6 33. Qe6 Rb5
34. h4 Rxd5 35. Qxd5 Qxb4 36. Qe4 Qxe4 37. fxe4 Bf4 38. h5 g6 39. hxg6 hxg6 40.
Rcxd6 Rxd6 41. Rxd6 Kg7 42. Kg1 Kh6 43. Kf2 Kh5 44. Re6 Bc1 45. Rxe5+ Kg4 46.
Re8 Ba3 47. e5 Kf5 48. Kf3 Bb4 49. g4+ Kg5 50. Rg8 Bc5 51. Ke4 Ba3 52. Kd5 Kxg4
53. Rxg6+ Kf5 54. Rf6+ Kg5 55. Rf1 1-0

[Event "4NCL/Div3/NWE2 vs. WRO2"]
[Site "Telford ENG"]
[Date "2003.03.08"]
[Round "5.4"]
[White "Lim, Chin-Lee"]
[Black "Hughes, Howard R"]
[Result "1-0"]
[WhiteElo "2060"]
[BlackElo "2072"]
[PlyCount "137"]
[EventDate "2003.03.08"]

1. d4 e6 2. Nf3 f5 3. g3 Nf6 4. Bg2 Be7 5. O-O O-O 6. c4 d6 7. Nc3 Qe8 8. Nd2
e5 9. Qb3 Nc6 10. dxe5 dxe5 11. Nb5 Qh5 12. Qf3 Bd8 13. Qxh5 Nxh5 14. b3 Nd4
15. Nxd4 exd4 16. Ba3 Re8 17. Bd5+ Kh8 18. Rfe1 Be7 19. Bf7 Rf8 20. Bxe7 Rxf7
21. Bc5 b6 22. Bxd4 Bb7 23. b4 Rd8 24. Nb3 Rfd7 25. e3 Nf6 26. Bxf6 gxf6 27.
Nd4 f4 28. Ne6 Re8 29. Nxf4 Bf3 30. Rac1 Rd2 31. a3 Ra2 32. Ra1 Rb2 33. Reb1
Rc2 34. Rc1 Rb2 35. Rc3 Rd8 36. Rd3 Rxd3 37. Nxd3 Rb3 38. Ne1 Be2 39. Rc1 Rxa3
40. Rc2 Bg4 41. b5 Ra1 42. Kf1 Rb1 43. Rc3 Kg7 44. e4 Rb2 45. Nc2 Rb1+ 46. Kg2
Rc1 47. f3 Bd7 48. Kf2 c6 49. bxc6 Bxc6 50. Ke3 Ba4 51. Kd2 Rh1 52. h4 Rh2+ 53.
Kd3 Bxc2+ 54. Rxc2 Rh1 55. Ra2 Rd1+ 56. Ke2 Rd7 57. Ra6 Rc7 58. Kd3 Rd7+ 59.
Kc3 Kg6 60. Ra2 Rc7 61. Rb2 Rc6 62. Kb4 Rc5 63. Rd2 a5+ 64. Kb3 b5 65. cxb5
Rxb5+ 66. Ka4 Rc5 67. Rd5 Rxd5 68. exd5 Kf5 69. f4 1-0

[Event "4NCL/Div3/NWE2 vs. WRO2"]
[Site "Telford ENG"]
[Date "2003.03.08"]
[Round "5.5"]
[White "McCarthy, Jim"]
[Black "Arnott, Jonathan W"]
[Result "0-1"]
[WhiteElo "2133"]
[BlackElo "2070"]
[PlyCount "42"]
[EventDate "2003.03.08"]

1. d4 e6 2. c4 b6 3. e4 Bb7 4. Bd3 f5 5. exf5 Bxg2 6. Qh5+ g6 7. fxg6 Bg7 8.
gxh7+ Kf8 9. Nf3 Nf6 10. Qh4 Bxh1 11. Ne5 Nc6 12. Bg5 d6 13. Ng6+ Kf7 14. Nxh8+
Qxh8 15. Nc3 Nxd4 16. Qxd4 Ne4 17. Qe3 Bxc3+ 18. Ke2 Bd2 19. Qh3 Bxg5 20. Qh5+
Ke7 21. Rxh1 Qxb2+ 0-1

[Event "4NCL/Div3/NWE2 vs. WRO2"]
[Site "Telford ENG"]
[Date "2003.03.08"]
[Round "5.6"]
[White "Keeling, Geoff"]
[Black "Addis, Mark"]
[Result "1/2-1/2"]
[WhiteElo "2013"]
[BlackElo "2040"]
[PlyCount "31"]
[EventDate "2003.03.08"]

1. e4 g6 2. d4 Bg7 3. Nc3 d6 4. Bg5 c5 5. d5 a6 6. a4 Qa5 7. Bd2 Nf6 8. Nf3 Bg4
9. Bd3 Nbd7 10. h3 Bxf3 11. Qxf3 Ne5 12. Qe3 Nxd3+ 13. Qxd3 O-O 14. O-O Qc7 15.
Rfe1 b6 16. Bf4 1/2-1/2

[Event "4NCL/Div3/NWE2 vs. WRO2"]
[Site "Telford ENG"]
[Date "2003.03.08"]
[Round "5.7"]
[White "Griffiths, Kathy"]
[Black "Cumbers, Paul"]
[Result "1/2-1/2"]
[WhiteElo "2064"]
[BlackElo "2040"]
[PlyCount "77"]
[EventDate "2003.03.08"]

1. e4 e6 2. d4 d5 3. exd5 exd5 4. Nf3 Bg4 5. c4 Bb4+ 6. Nc3 Nc6 7. a3 Bxc3+ 8.
bxc3 Nge7 9. cxd5 Qxd5 10. Be2 O-O-O 11. O-O Na5 12. Qa4 Bd7 13. Qd1 Nec6 14.
Rb1 {=} Nc4 15. Nd2 Nxd2 16. Bxd2 Rhe8 17. Bf3 Qc4 18. Rb2 Bf5 19. Bg4 Qe6 20.
Bxf5 Qxf5 21. Qb3 b6 22. Qc4 Qd5 23. Qa6+ Kb8 24. Rb5 Qe4 25. Be3 Rd5 26. Rc5
Na5 27. Qb5 Rxc5 28. dxc5 Qc6 29. Qb4 Re4 30. Bd4 Nb7 31. cxb6 axb6 32. Qf8+
Ka7 33. Qxg7 Qg6 34. f3 Re2 35. Qxg6 fxg6 36. Rf2 Re1+ 37. Rf1 Re2 38. Ra1 Na5
39. Bh8 1/2-1/2

[Event "4NCL/Div3/WES2 vs. MKE"]
[Site "Telford ENG"]
[Date "2003.03.08"]
[Round "5.1"]
[White "Rutter, Nicholas"]
[Black "Freeman, Richard CP"]
[Result "0-1"]
[WhiteElo "2120"]
[BlackElo "2066"]
[PlyCount "54"]
[EventDate "2003.03.08"]

1. e4 c5 2. Nf3 g6 3. d4 Bg7 4. dxc5 Qa5+ 5. c3 Qxc5 6. Be3 Qc7 7. Nbd2 Nf6 8.
Nd4 Nc6 9. Be2 d5 10. Nxc6 bxc6 11. Bf3 O-O 12. O-O Rb8 13. Qc2 e5 14. Rfe1 Be6
15. Bc5 Rfe8 16. Qa4 Nd7 17. Qxa7 Qxa7 18. Bxa7 Rxb2 19. Nb3 Ra8 20. Be3 Raxa2
21. Rxa2 Rxa2 22. Nc1 Ra1 23. Rd1 d4 24. Bd2 Nb6 25. Be2 Nc4 26. Nb3 Rxd1+ 27.
Bxd1 Nb2 0-1

[Event "4NCL/Div3/WES2 vs. MKE"]
[Site "Telford ENG"]
[Date "2003.03.08"]
[Round "5.2"]
[White "Smith, Graham M"]
[Black "Clark, Ian C"]
[Result "1/2-1/2"]
[WhiteElo "2118"]
[BlackElo "2119"]
[PlyCount "70"]
[EventDate "2003.03.08"]

1. e4 c5 2. Nc3 Nc6 3. f4 g6 4. Nf3 Bg7 5. Bb5 Nd4 6. O-O e6 7. e5 a6 8. Bd3 d5
9. exd6 Qxd6 10. Ne4 Qb6 11. Kh1 Nxf3 12. Qxf3 Bd7 13. Qf2 Rc8 14. c3 Nf6 15.
b4 Nxe4 16. Bxe4 Bc6 17. bxc5 Qa5 18. Bxc6+ Rxc6 19. d4 O-O 20. Qb2 b6 21. cxb6
Rxb6 22. Qa3 Qb5 23. Be3 Qd3 24. Bg1 Rfb8 25. Rad1 Qe4 26. c4 Rb2 {=} 27. Qf3
Qxf3 28. Rxf3 Rxa2 29. Rf2 Rxf2 30. Bxf2 Rc8 31. c5 Kf8 32. g4 Ke8 33. Kg2 Kd7
34. Ra1 Rxc5 35. Rxa6 Rc7 1/2-1/2

[Event "4NCL/Div3/WES2 vs. MKE"]
[Site "Telford ENG"]
[Date "2003.03.08"]
[Round "5.3"]
[White "Tunks, Dominic"]
[Black "Elwin, Adrian G"]
[Result "1-0"]
[WhiteElo "2096"]
[BlackElo "2031"]
[PlyCount "101"]
[EventDate "2003.03.08"]

1. e4 c6 2. d4 d5 3. Nd2 dxe4 4. Nxe4 Nf6 5. Qd3 Nbd7 6. Nf3 Nxe4 7. Qxe4 Nf6
8. Qd3 g6 9. Bg5 Qa5+ 10. Bd2 Qb6 11. O-O-O Bf5 12. Qa3 e6 13. Qa4 Qc7 14. Ne5
Bd6 15. f3 h5 16. Kb1 a5 17. Bg5 Nd5 18. Ka1 O-O 19. c4 b5 20. cxb5 cxb5 21.
Qxb5 Rab8 22. Qc4 Bxe5 23. dxe5 Qxe5 24. Qd4 Qxd4 25. Rxd4 Nb4 26. Rd7 Nc2+ 27.
Kb1 Rfc8 28. Bd3 Na3+ 29. Ka1 Bxd3 30. Rxd3 Nc2+ 31. Kb1 Nb4 {=} 32. Rc3 Rxc3
33. bxc3 Nd5+ 34. Kc2 f6 35. Bd2 Kf7 36. Rb1 Rxb1 37. Kxb1 Ke7 38. Kc2 Nb6 39.
Kd3 Kd6 40. c4 Nd7 41. Bxa5 Kc5 42. Kc3 e5 43. Bb4+ Kc6 44. Be7 f5 45. a4 Kb6
46. Kb4 Nb8 47. c5+ Kc6 48. Kc4 Nd7 49. a5 Nb8 50. Bd6 Na6 51. h4 1-0

[Event "4NCL/Div3/WES2 vs. MKE"]
[Site "Telford ENG"]
[Date "2003.03.08"]
[Round "5.4"]
[White "Ioannides, Milton"]
[Black "Pye, David E"]
[Result "1/2-1/2"]
[WhiteElo "2096"]
[BlackElo "2080"]
[PlyCount "132"]
[EventDate "2003.03.08"]

1. b4 c6 2. e3 e5 3. Bb2 Bxb4 4. Bxe5 Nf6 5. a3 Be7 6. c4 d6 7. Bb2 O-O 8. d4
d5 9. Qc2 Be6 10. Nd2 Nbd7 11. Ngf3 Rc8 12. cxd5 cxd5 13. Qb1 Ne4 14. Bd3 f5
15. O-O Bd6 16. Rc1 Qf6 17. a4 Qh6 18. Nf1 Bf7 19. Ba3 Bxa3 20. Rxa3 Rxc1 21.
Qxc1 Qd6 22. Rb3 b6 23. Bb5 Be6 24. Rb2 Qa3 25. Rc2 Qxc1 26. Rxc1 Nd6 27. Rc6
Nxb5 28. axb5 Re8 29. Rc7 Ra8 30. Ng5 Nf8 31. Nxe6 Nxe6 32. Rd7 g6 33. Rxd5 Nc7
34. Re5 Re8 35. f4 Rxe5 36. fxe5 Kf7 37. Nd2 Ke6 38. Kf2 Nxb5 39. Ke2 Nc3+ 40.
Kd3 Nd5 41. Nf3 h6 42. h3 a5 43. Nd2 a4 44. e4 Nf4+ 45. Kc4 Nxg2 46. exf5+ gxf5
47. Kb4 Nf4 48. Kxa4 {=} Kd5 49. Nf3 Ke4 50. Nh4 Ne6 51. d5 Ng7 52. d6 Kxe5 53.
d7 Ne6 54. Kb5 f4 55. Kxb6 Kd6 56. Nf5+ Kxd7 57. Nxh6 Kd6 58. Ng4 Kd5 59. h4
Ng7 60. Kb5 Nh5 61. Kb4 Kd4 62. Kb3 Kd3 63. Kb2 Kd2 64. Kb3 f3 65. Kc4 Ke2 66.
Kd4 f2 1/2-1/2